| 000 | 00524nam a22001817a 4500 | ||
|---|---|---|---|
| 003 | 0 | ||
| 005 | 20230810150143.0 | ||
| 008 | 230810b xxu||||| |||| 00| 0 eng d | ||
| 020 | _a978-621-416-072-3 | ||
| 050 |
_aKPM 2832 _b.R49 2019 |
||
| 100 | _aReyes, Virgilio D. | ||
| 245 |
_aA study on income tax law and accounting _cVirgilio D. Reyes |
||
| 260 |
_aManila _bGIC Enterprises & Co., Inc. _c2019 |
||
| 300 |
_a151 p. _c23 cm. |
||
| 650 | _aAccounting. | ||
| 651 | _aIncome Tax -- Philippines. | ||
| 942 |
_2lcc _cBK |
||
| 999 |
_c365116 _d365116 |
||